BIBLIOTECA “JULIO CORTÁZAR”
ESCUELA AGROTÉCNICA “LIBERTADOR GENERAL SAN MARTÍN” - UNR – CASILDA

Logo Escuela Logo UNR

La moza / (Record no. 1773)

MARC details
000 -LEADER
campo de control de longitud fija 00690nam#a22002655a#4500
001 - NÚMERO DE CONTROL
campo de control 1773
008 - DATOS DE LONGITUD FIJA--INFORMACIÓN GENERAL
campo de control de longitud fija 110412s2010####ag#####g######001#fdspa#d
020 ## - NÚMERO INTERNACIONAL ESTÁNDAR DEL LIBRO
Número Internacional Estándar del Libro 9789871727124
080 ## - NÚMERO DE LA CLASIFICACIÓN DECIMAL UNIVERSAL
Número de la Clasificación Decimal Universal 860(82)-31
084 ## - OTRO NÚMERO DE CLASIFICACIÓN
Número de clasificación G16
040 ## - FUENTE DE CATALOGACIÓN
Centro catalogador/agencia de origen AR-ClEAG
Centro/agencia transcriptor AR-ClEAG
005 - FECHA Y HORA DE LA ÚLTIMA TRANSACCIÓN
campo de control 20241107184721.0
003 - IDENTIFICADOR DE NÚMERO DE CONTROL
campo de control AR-ClEAG
100 1# - ENTRADA PRINCIPAL--NOMBRE DE PERSONA
Nombre de persona Gaiteri, Sergio.
245 13 - MENCIÓN DEL TÍTULO
Título La moza /
Mención de responsabilidad, etc. Sergio Gaiteri ; editado por Emanuel Molina.
250 ## - MENCION DE EDICION
Mención de edición 1ª ed.
260 ## - PUBLICACIÓN, DISTRIBUCIÓN, ETC.
Lugar de publicación, distribución, etc. Villa María :
Nombre del editor, distribuidor, etc. Eduvim,
Fecha de publicación, distribución, etc. 2010.
300 ## - DESCRIPCIÓN FÍSICA
Extensión 65 p. ;
Dimensiones 22 cm.
490 0# - MENCIÓN DE SERIE
Mención de serie Temporal ;
Designación de volumen o secuencia no. 2
653 ## - TÉRMINO DE INDIZACIÓN--NO CONTROLADO
Término no controlado Literatura argentina
653 ## - TÉRMINO DE INDIZACIÓN--NO CONTROLADO
Término no controlado Narrativa argentina
653 ## - TÉRMINO DE INDIZACIÓN--NO CONTROLADO
Término no controlado Novelas
700 1# - ENTRADA AGREGADA--NOMBRE PERSONAL
Nombre de persona Molina, Emanuel,
Término indicativo de función/relación editor.
Relación edt
942 ## - ELEMENTOS DE ENTRADA SECUNDARIOS (KOHA)
Tipo de ítem Koha Libros
980 ## - EQUIVALENCIA O REFERENCIA-CRUZADA-MENCIÓN DE SERIE--NOMBRE DE PERSONA/TÍTULO [LOCAL, CANADÁ]
Enlace 2
Nombre de persona Evangelina Gallicchio
Enlace entre campo y número de secuencia 2
Información miscelánea Evangelina Gallicchio
Holdings
Estatus retirado Estado de pérdida Fuente del sistema de clasificación o colocación Estado de daño No para préstamo Biblioteca de origen Biblioteca actual Ubicación en estantería Fecha de adquisición Número de inventario Total de préstamos Signatura topográfica completa Código de barras Visto por última vez Precio de reemplazo Tipo de ítem Koha
    Clasificación decimal universal     Julio Cortázar Julio Cortázar   07/11/2024 2985   R20 860(82)-31 G16 Ej.1 2985 07/11/2024 07/11/2024 Libros

Contacto

Biblioteca Julio Cortázar. Escuela Agrotécnica "Libertador San Martín". Universidad Nacional de Rosario
Dirección: Ov. Lagos 1000 - 2170 Casilda - Santa Fe - Argentina
Tel: (54) (03464) 422226.
Fax: (54) (03464) 427789.
E-Mail: biblio-eac@unr.edu.ar